Applied microbiology (Record no. 396762)

MARC details
000 -LEADER
fixed length control field 00487nam a2200205 4500
005 - DATE & TIME
control field 20260121100449.0
008 - FIXED-LENGTH DATA ELEMENTS--GENERAL INFORMATION
fixed length control field 260121b |||||||| |||| 00| 0 eng d
020 ## - ISBN
International Standard Book Number 9788197115080
Price Rs.2450.00
040 ## - CATALOGING SOURCE
Original cataloging agency VIVEKANANDA LIBRARY
082 ## - DDC NUMBER
Classification number 576
Book Number S23A
100 ## - MAIN ENTRY--PERSONAL NAME
Personal name Sharma, Nandini
245 ## - TITLE STATEMENT
Title Applied microbiology
260 ## - PUBLICATION, DISTRIBUTION, ETC. (IMPRINT)
Place of publication, distribution, etc Jaipur
Name of publisher, distributor, etc Yking Books
Date of publication, distribution, etc 2024
300 ## - PHYSICAL DESCRIPTION
Pages vi, 284
650 ## - Subject
Subject Microbiology
650 ## - Subject
Subject Microorganisms
650 ## - Subject
Subject Immunology
942 ## - ADDED ENTRY ELEMENTS (KOHA)
Koha item type Books

No items available.

© Designed and Maintained by Vivekananda Library, MDU Rohtak